000 00382cam a22001337a 4500
008 180718b1965 xxu||||| |||| 00| 0 eng d
082 _aA6x5695 Ab56
100 _aAbidi, Aqil Hyder Hasan
245 _aJordan: a political study, 1948-1957
_cby Aqil Hyder Hasan Abidi
260 _aBombay
_bAsia
_c1965
300 _a251p.
650 _aJordan - Politics
650 _aJordan - History
999 _c356947
_d356947